Egy volt szegedi színésznő tragikus halála
Elmentve itt :
| Dokumentumtípus: | Cikk |
|---|---|
| Megjelent: |
1933-02-04
|
| Sorozat: | Délmagyarország
9 No. 28 |
| Kulcsszavak: | Német Gizella, Svéd Sándor, Halálozás Székesfehérvár 1933, Szeged |
| Online Access: | http://dmarchiv.bibl.u-szeged.hu/39475 |
| LEADER | 00473nab a2200145 i 4500 | ||
|---|---|---|---|
| 001 | delm39475 | ||
| 005 | 20180927130051.0 | ||
| 008 | 180927s1933 hu o 0|| hun d | ||
| 040 | |a SZTE Délmagyarország Archívum |b hun | ||
| 041 | |a hun | ||
| 245 | 0 | 0 | |a Egy volt szegedi színésznő tragikus halála |h [elektronikus dokumentum] |
| 260 | |c 1933-02-04 | ||
| 300 | |a 6 | ||
| 490 | 0 | |a Délmagyarország |v 9 No. 28 | |
| 695 | |a Német Gizella, Svéd Sándor, Halálozás Székesfehérvár 1933, Szeged | ||